| 000 | 00396nam a2200145Ia 4500 | ||
|---|---|---|---|
| 008 | 240126s9999 xx 000 0 und d | ||
| 041 | _aEnglish | ||
| 082 | _aPRIP89-336 | ||
| 100 | _aMascarenhas, Rodney BPatil, Prakash BKulkarni, Niteen VNavelkar, Nitin T | ||
| 245 | 0 |
_aLibrary package _bRajaram K V |
|
| 260 | _bGIT, Belgaum | ||
| 440 | _aNULL | ||
| 650 | _aLibrary package | ||
| 942 | _cPR | ||
| 999 |
_c255929 _d255929 |
||